[Event "Astana op"]
[Site "Astana"]
[Date "2019.07.15"]
[Round "6"]
[White "Balabayeva, Kseniya"]
[Black "Yurovsky, Sergey"]
[Result "1/2-1/2"]
[WhiteElo "1939"]
[BlackElo "2087"]
[PlyCount "40"]
[EventDate "2019.07.09"]
[EventType "swiss"]
[EventRounds "9"]
[EventCountry "KAZ"]
[SourceTitle "EXT 2020"]
[Source "ChessBase"]
[SourceDate "2019.10.17"]
[SourceVersion "1"]
[SourceVersionDate "2019.10.17"]
[SourceQuality "1"]

1. e4 Nf6 2. e5 Nd5 3. d4 d6 4. c4 Nb6 5. Nf3 g6 6. exd6 cxd6 7. Nc3 Bg7 8. Be3 Nc6 9. Be2 0-0 10. Rc1 e5 11. dxe5 dxe5 12. c5 Nd7 13. Bc4 Qa5 14. a3 Nd4 15. Nxd4 exd4 16. b4 Qxa3 17. Nb5 Qxb4+ 18. Bd2 Qxc5 19. Bxf7+ Rxf7 20. Rxc5 Nxc5 1/2-1/2

[Event "KAZ-ch sf"]
[Site "Pavlodar"]
[Date "2016.02.12"]
[Round "7"]
[White "Karmenov, Zhanibek"]
[Black "Yurovsky, Sergey"]
[Result "1/2-1/2"]
[WhiteElo "2241"]
[BlackElo "2129"]
[PlyCount "114"]
[EventDate "2016.02.05"]
[EventType "swiss"]
[EventRounds "9"]
[EventCountry "KAZ"]
[SourceTitle "CBM 171 Extra"]
[Source "ChessBase"]
[SourceDate "2016.04.26"]
[SourceVersion "1"]
[SourceVersionDate "2016.04.26"]
[SourceQuality "1"]

1. Nf3 c5 2. c4 Nf6 3. Nc3 d5 4. cxd5 Nxd5 5. e4 Nc7 6. Bc4 e6 7. 0-0 Nc6 8. a3 e5 9. Qb3 Ne6 10. d3 a6 11. Qd1 Bd6 12. Be3 Bd7 13. Ba2 h6 14. Rc1 Ncd4 15. b4 b6 16. Nd5 0-0 17. Bxd4 cxd4 18. Nd2 b5 19. Nb3 Qb8 20. Na5 Nd8 21. Qh5 Be6 22. Rc2 f6 23. Rfc1 Kh8 24. h3 Qa7 25. Qe2 Qf7 26. Nc7 Bxc7 27. Rxc7 Qg6 28. Bd5 Bxh3 29. Qf3 Bg4 30. Qg3 Rb8 31. Ra7 Qg5 32. Rcc7 Ne6 33. Bxe6 Bxe6 34. Rxg7 Qxg3 35. fxg3 Bg8 36. Rg6 Rf7 37. Rxf7 Bxf7 38. Rxf6 Kg7 39. Rxa6 Rc8 40. Nc6 Re8 41. Ra7 Kf6 42. Rb7 Bb3 43. Rxb5 Ba4 44. Rc5 Rc8 45. Na5 Rxc5 46. bxc5 Bc2 47. Kf2 Bxd3 48. Kf3 Bb5 49. Nb7 Ke7 50. Nd6 Ba4 51. Ke2 Kd7 52. Nf7 Kc6 53. Nxh6 Bc2 54. Nf7 Bxe4 55. Nxe5+ Kxc5 56. Nf3 Bf5 57. Nd2 Bg4+ 1/2-1/2

[Event "KAZ-ch sf"]
[Site "Pavlodar"]
[Date "2016.02.08"]
[Round "3"]
[White "Myakinki, Nikolai"]
[Black "Yurovsky, Sergey"]
[Result "0-1"]
[WhiteElo "1868"]
[BlackElo "2129"]
[PlyCount "60"]
[EventDate "2016.02.05"]
[EventType "swiss"]
[EventRounds "9"]
[EventCountry "KAZ"]
[SourceTitle "CBM 171 Extra"]
[Source "ChessBase"]
[SourceDate "2016.04.26"]
[SourceVersion "1"]
[SourceVersionDate "2016.04.26"]
[SourceQuality "1"]

1. d4 Nf6 2. c3 g6 3. Bf4 Bg7 4. Nd2 0-0 5. e4 d6 6. f3 c5 7. d5 e6 8. dxe6 Bxe6 9. Nc4 d5 10. exd5 Nxd5 11. Bd2 Re8 12. Kf2 Nc6 13. g3 Qc7 14. Qc1 Rad8 15. h4 Nf6 16. Nh3 b5 17. Ne3 Qd6 18. Be1 c4 19. Nf4 Bc8 20. h5 Ne5 21. hxg6 hxg6 22. a4 a6 23. axb5 axb5 24. Qc2 Qc5 25. Bd2 Nxf3 26. Kxf3 Bb7+ 27. Ke2 Bxh1 28. Bh3 Bb7 29. Rg1 g5 30. Nfg2 g4 0-1